Breaking silence : (Record no. 10034)
[ view plain ]
| 000 -LEADER | |
|---|---|
| fixed length control field | 01226cam a2200373 a 4500 |
| 001 - CONTROL NUMBER | |
| control field | 14655982 |
| 003 - CONTROL NUMBER IDENTIFIER | |
| control field | GBCCL |
| 005 - DATE AND TIME OF LATEST TRANSACTION | |
| control field | 20241126110724.0 |
| 008 - FIXED-LENGTH DATA ELEMENTS--GENERAL INFORMATION | |
| fixed length control field | 061205s2006 ii b 000 0 eng |
| 010 ## - | |
| -- | 2006454259 |
| 020 ## - INTERNATIONAL STANDARD BOOK NUMBER | |
| International Standard Book Number | 8172149263 |
| 020 ## - INTERNATIONAL STANDARD BOOK NUMBER | |
| International Standard Book Number | 9788172149260 |
| 025 ## - OVERSEAS ACQUISITION NUMBER | |
| Overseas acquisition number | I-E-2006-454259; 13; 70-90 |
| 037 ## - SOURCE OF ACQUISITION | |
| Source of stock number/acquisition | Library of Congress -- New Delhi Overseas Office |
| Terms of availability | Rs125.00 |
| 040 ## - CATALOGING SOURCE | |
| Original cataloging agency | DLC |
| Transcribing agency | DLC |
| Modifying agency | DLC |
| 042 ## - | |
| -- | lcode |
| 050 00 - | |
| -- | BT83.55 |
| -- | .C486 2006 |
| 082 ## - DEWEY DECIMAL CLASSIFICATION NUMBER | |
| Classification number | 270.082 |
| Item number | BRE |
| 100 1# - MAIN ENTRY--PERSONAL NAME | |
| Personal name | Chung, Meehyun, |
| Dates associated with a name | 1963- |
| 9 (RLIN) | 17436 |
| 245 10 - TITLE STATEMENT | |
| Title | Breaking silence : |
| Remainder of title | theology from Asian women's perspective / |
| Statement of responsibility, etc. | Meehyun Chung. |
| 260 ## - PUBLICATION, DISTRIBUTION, ETC. | |
| Place of publication, distribution, etc. | Delhi : |
| Name of publisher, distributor, etc. | ISPCK/EATWOT, |
| Date of publication, distribution, etc. | 2006. |
| 300 ## - PHYSICAL DESCRIPTION | |
| Extent | xii, 171 p. ; |
| Dimensions | 23 cm. |
| 504 ## - BIBLIOGRAPHY, ETC. NOTE | |
| Bibliography, etc. note | Includes bibliographical references. |
| 520 ## - SUMMARY, ETC. | |
| Summary, etc. | Contributed research papers. |
| 650 ## - SUBJECT ADDED ENTRY--TOPICAL TERM | |
| Topical term or geographic name entry element | Asia |
| 9 (RLIN) | 17438 |
| 650 ## - SUBJECT ADDED ENTRY--TOPICAL TERM | |
| Topical term or geographic name entry element | Church history |
| 9 (RLIN) | 117 |
| 650 ## - SUBJECT ADDED ENTRY--TOPICAL TERM | |
| Topical term or geographic name entry element | Church history |
| Form subdivision | 21st century |
| 9 (RLIN) | 17439 |
| 700 1# - ADDED ENTRY--PERSONAL NAME | |
| Personal name | Chung, Meehyun, |
| Dates associated with a name | 1963- |
| 9 (RLIN) | 17436 |
| 710 2# - ADDED ENTRY--CORPORATE NAME | |
| Corporate name or jurisdiction name as entry element | Ecumenical Association of Third World Theologians. |
| 9 (RLIN) | 17437 |
| 710 2# - ADDED ENTRY--CORPORATE NAME | |
| Corporate name or jurisdiction name as entry element | I.S.P.C.K. (Organization) |
| 9 (RLIN) | 393 |
| 906 ## - LOCAL DATA ELEMENT F, LDF (RLIN) | |
| a | 7 |
| b | cbc |
| c | origode |
| d | 3 |
| e | ncip |
| f | 20 |
| g | y-gencatlg |
| 942 ## - ADDED ENTRY ELEMENTS (KOHA) | |
| Source of classification or shelving scheme | Dewey Decimal Classification |
| Koha item type | Books |
| Withdrawn status | Lost status | Source of classification or shelving scheme | Damaged status | Not for loan | Home library | Current Library | Shelving location | Date acquired | Total checkouts | Full call number | Barcode | Date last seen | Copy number | Price effective from | Koha item type |
|---|---|---|---|---|---|---|---|---|---|---|---|---|---|---|---|
| Dewey Decimal Classification | GRACE BIBLE COLLEGE | GRACE BIBLE COLLEGE | Church History | 2024-02-09 | 270.082 BRE | 016492 | 2025-05-01 | c.1 | 2024-02-09 | Books |